Bezpečný domov odborný bulletin o revitalizácii a správe bytových domov

Bibliographic Details
Other Authors: Němec, Petr (Publishing director)
Format: Journal
Language:Slovak
PhysicalDescription:2 zv. 30 cm
Published: Bratislava Beta Control SK 2010-2011
ISSN:1338-2667
Subjects:
Online Access:http://www.bezpecny-domov.sk/clanky/tlacoviny

MARC

LEADER 00000cas a2200000 a 4500
001 vtls010208907
003 SK-MaSNL
005 20260228161156.0
008 110204d20102011xo zx|p 0 b0slo
022 |a 1338-2667 
040 |a SVKPO  |b slo  |c SVKPO  |d SAVUK  |d SNK  |e AACR2 
041 0 |a slo 
044 |a xo  |c SK 
072 7 |a 332  |x Regionálna ekonómia, regionálna ekonomika  |2 konspekt 
072 7 |a 69  |x Stavebníctvo  |2 konspekt 
080 |a 332.87  |2 2011 
080 |a 69.059.25  |2 2011 
080 |a 050  |2 2001 
080 |a (055)  |2 2011 
210 0 |a Bezpeč. domov 
222 0 |a Bezpečný domov 
245 0 0 |a Bezpečný domov  |b odborný bulletin o revitalizácii a správe bytových domov 
260 |a Bratislava  |b Beta Control SK  |c 2010-2011 
300 |a 2 zv.  |c 30 cm 
310 |a Premenlivá periodicita 
362 0 |a Č. 1 (okt. 2010)-č. 3 (2011) 
500 |a Popis podľa dostupnosti - r. 2011 
500 |a V tiráži v č. 1 (2011) je uvedená periodicita 2x ročne, v č. 2-3 (2011) je uvedená periodicita 4x ročne, ale v r. 2011 vyšli len tri čísla 
500 |a Evidenčné číslo: EV 4125/11 
500 |a Šéfred.: Č. 1-č. 3 (2011), Petr Němec 
650 0 7 |a revitalizácia budov  |2 SNKPH  |9 134976 
650 0 7 |a správa domov a bytov  |2 SNKPH  |9 49973 
655 7 |a bulletiny  |2 SNKPH  |9 70453 
700 1 |a Němec, Petr  |4 pbd  |9 268138 
852 |a Štátna vedecká knižnica v Banskej Bystrici 
856 4 1 |u http://www.bezpecny-domov.sk/clanky/tlacoviny 
910 |a savuk 
910 |a snk 
999 |c 4565  |d 6495 
952 |0 0  |1 0  |4 0  |7 0  |8 0  |a SNK  |b SNK  |d 2018-08-23  |i snk2018/17247  |l 0  |o snkČSB 6757/2011 D1  |p 17A1327224  |r 2026-02-21 20:43:01  |t č. 1-3  |w 2026-02-21  |y PREZ 
952 |0 0  |1 0  |4 0  |7 0  |8 0  |a SNK  |b SNK  |d 2018-08-23  |i snk2018/17246  |l 0  |o snkČSB 6757/2011  |p 17A1327223  |r 2026-02-21 21:14:41  |t č. 1-3  |w 2026-02-21  |y PREZ